Environmentálne aspekty alokácie verejných projektov
Zosúladenie súčasnej ekonomiky so zachovaním životného prostredia a ekológie. Zveľaďovanie a ochrana životného prostredia je základným predpokladom trvalo udržateľného rozvoja spoločnosti. Hlavnou stratégiou Európa 2020 je podpora trvalo udržateľného a efektívneho využívania prírodných zdrojov.
Enregistré dans:
| Auteur principal: | |
|---|---|
| Format: | Chapitre de livre |
| Langue: | slovaque |
| Sujets: | |
| Tags: |
Pas de tags, Soyez le premier à ajouter un tag!
|
MARC
| LEADER | 00000nla a2200000 4500 | ||
|---|---|---|---|
| 001 | 0192713 | ||
| 005 | 20240502073231.3 | ||
| 041 | 0 | |a slo | |
| 044 | |a SK | ||
| 245 | 1 | 0 | |a Environmentálne aspekty alokácie verejných projektov |c Ingrid Šabíková |
| 520 | |a Zosúladenie súčasnej ekonomiky so zachovaním životného prostredia a ekológie. Zveľaďovanie a ochrana životného prostredia je základným predpokladom trvalo udržateľného rozvoja spoločnosti. Hlavnou stratégiou Európa 2020 je podpora trvalo udržateľného a efektívneho využívania prírodných zdrojov. | ||
| 610 | 2 | 0 | |a rozvoj trvalo udržateľný |
| 610 | 2 | 0 | |a ochrana prostredia životného |
| 610 | 2 | 0 | |a ekonomika environmentálna |
| 610 | 2 | 0 | |a politika kohézna |
| 610 | 2 | 0 | |a Európska únia |
| 610 | 2 | 0 | |a Slovensko |
| 100 | 1 | |a Šabíková, Ingrid | |